Normal view
MARC view
- Characterization and Evaluation of Materials
Entry Topical Term
001 - CONTROL NUMBER
- control field: 83289
003 - CONTROL NUMBER IDENTIFIER
- control field: NUST
005 - DATE AND TIME OF LATEST TRANSACTION
- control field: 20211020154532.0
008 - FIXED-LENGTH DATA ELEMENTS
- fixed length control field: 211020|| aca||aabn | a|a d
040 ## - CATALOGING SOURCE
- Original cataloging agency: NUST
- Transcribing agency: NUST
150 ## - HEADING--TOPICAL TERM
- Topical term or geographic name entry element: Characterization and Evaluation of Materials
670 ## - SOURCE DATA FOUND
- Source citation: Work cat.: (NUST)32500: Steen, William M. author. 83285, Laser Material Processing
